000 01064cam a2200205 4500
001 ABS66119
008 021119n2002 000 0 eng u
035 _a(Sirsi) u120501
110 _aDavis Langdon and Everest
_91155
245 _aCost Model
260 _c2002
490 _aBuilding
_v67(8257) 1 November 2002, 58-65(6)
520 _aDiscusses the design of university buildings in the context of government plans to get 50% of 18 - 30 year olds educated to degree level by 2010. Includes the procurement of university buildings which is vitally important to the success of the building but argues that getting the balance of cost, time and quality is often difficult. Also mentions the characteristic of the university buildings and states that universities are able to commission high-quality buildings as they are often independent and can set their own criteria.
590 _aABS
650 _aUNIVERSITY BUILDINGS
650 _aBUILDING CONTROL
_96222
650 _aProcurement-old
690 _aBUILDING AND CONSTRUCTION-PROJECTS
942 _n0
999 _c71585
_d71585